<?xml version="1.0" encoding="UTF-8"?>
<record
    xmlns:xsi="http://www.w3.org/2001/XMLSchema-instance"
    xsi:schemaLocation="http://www.loc.gov/MARC21/slim http://www.loc.gov/standards/marcxml/schema/MARC21slim.xsd"
    xmlns="http://www.loc.gov/MARC21/slim">

  <leader>03361nam a2200553Ia 4500</leader>
  <controlfield tag="001">133</controlfield>
  <controlfield tag="008">241029s9999    xx            000 0 und d</controlfield>
  <datafield tag="010" ind1=" " ind2=" ">
    <subfield code="a">112</subfield>
  </datafield>
  <datafield tag="041" ind1=" " ind2=" ">
    <subfield code="a">Espa&#xF1;ol</subfield>
  </datafield>
  <datafield tag="082" ind1=" " ind2=" ">
    <subfield code="a">ISFODOSU TMLA 12-0008 BFEM EJ.1</subfield>
  </datafield>
  <datafield tag="245" ind1=" " ind2="0">
    <subfield code="a">Niveles de competencia lectora en estudiantes del Nivel Medio en el Primer Grado del Primer Ciclo del Liceo Villa Fundaci&#xF3;n, de la ciudad de San Crist&#xF3;bal, A&#xF1;o Escolar 2010-2011</subfield>
  </datafield>
  <datafield tag="260" ind1=" " ind2=" ">
    <subfield code="a">Santo Domingo</subfield>
  </datafield>
  <datafield tag="300" ind1=" " ind2=" ">
    <subfield code="a">55</subfield>
  </datafield>
  <datafield tag="520" ind1=" " ind2=" ">
    <subfield code="a">18</subfield>
  </datafield>
  <datafield tag="630" ind1=" " ind2=" ">
    <subfield code="a">Competencias</subfield>
  </datafield>
  <datafield tag="630" ind1=" " ind2=" ">
    <subfield code="a">Docentes</subfield>
  </datafield>
  <datafield tag="630" ind1=" " ind2=" ">
    <subfield code="a">Estudiantes</subfield>
  </datafield>
  <datafield tag="650" ind1=" " ind2=" ">
    <subfield code="a">Lengua Espa&#xF1;ola</subfield>
  </datafield>
  <datafield tag="690" ind1=" " ind2=" ">
    <subfield code="a">Elaborado</subfield>
  </datafield>
  <datafield tag="700" ind1=" " ind2=" ">
    <subfield code="e">asesor</subfield>
    <subfield code="a">De los Santos, Julio</subfield>
  </datafield>
  <datafield tag="700" ind1=" " ind2=" ">
    <subfield code="e">autor</subfield>
    <subfield code="a">Ram&#xED;rez, Clara Constanza</subfield>
  </datafield>
  <datafield tag="700" ind1=" " ind2=" ">
    <subfield code="e">autor</subfield>
    <subfield code="a">Casanova Mart&#xED;nez, Santa Br&#xED;gida</subfield>
  </datafield>
  <datafield tag="901" ind1=" " ind2=" ">
    <subfield code="a">{"1":"Ram&#xED;rez","2":"Casanova Mart&#xED;nez"}</subfield>
    <subfield code="b">{"1":"Clara Constanza","2":"Santa Br&#xED;gida"}</subfield>
  </datafield>
  <datafield tag="902" ind1=" " ind2=" ">
    <subfield code="a">1</subfield>
  </datafield>
  <datafield tag="903" ind1=" " ind2=" ">
    <subfield code="a">{"1":"De los Santos"}</subfield>
    <subfield code="b">{"1":"Julio"}</subfield>
  </datafield>
  <datafield tag="904" ind1=" " ind2=" ">
    <subfield code="a">Maestr&#xED;a en</subfield>
  </datafield>
  <datafield tag="905" ind1=" " ind2=" ">
    <subfield code="a">Ling&#xFC;&#xED;stica Aplicada</subfield>
  </datafield>
  <datafield tag="906" ind1=" " ind2=" ">
    <subfield code="a">1</subfield>
  </datafield>
  <datafield tag="907" ind1=" " ind2=" ">
    <subfield code="a">Orientada en</subfield>
  </datafield>
  <datafield tag="908" ind1=" " ind2=" ">
    <subfield code="a">Ense&#xF1;anza de la Lengua Espa&#xF1;ola</subfield>
  </datafield>
  <datafield tag="909" ind1=" " ind2=" ">
    <subfield code="a">ISFODOSU, Recinto F&#xE9;lix Evaristo Mej&#xED;a</subfield>
  </datafield>
  <datafield tag="910" ind1=" " ind2=" ">
    <subfield code="a">NULL</subfield>
    <subfield code="b">NULL</subfield>
  </datafield>
  <datafield tag="911" ind1=" " ind2=" ">
    <subfield code="a">["1"]</subfield>
  </datafield>
  <datafield tag="912" ind1=" " ind2=" ">
    <subfield code="a">NO APLICA</subfield>
  </datafield>
  <datafield tag="913" ind1=" " ind2=" ">
    <subfield code="a">NULL</subfield>
  </datafield>
  <datafield tag="914" ind1=" " ind2=" ">
    <subfield code="a">01 de Agosto de 2012</subfield>
  </datafield>
  <datafield tag="915" ind1=" " ind2=" ">
    <subfield code="a">11/06/14 07:06</subfield>
  </datafield>
  <datafield tag="916" ind1=" " ind2=" ">
    <subfield code="a">NULL</subfield>
  </datafield>
  <datafield tag="917" ind1=" " ind2=" ">
    <subfield code="a">NULL</subfield>
  </datafield>
  <datafield tag="918" ind1=" " ind2=" ">
    <subfield code="a">NO APLICA</subfield>
  </datafield>
  <datafield tag="919" ind1=" " ind2=" ">
    <subfield code="a">["40","70","96"]</subfield>
  </datafield>
  <datafield tag="520" ind1=" " ind2=" ">
    <subfield code="a">Este estudio se plantea dentro de sus objetivos determinar los niveles de competencia en la ejecuci&#xF3;n lectora, describir las habilidades de los estudiantes del Primer Grado del &#xA0;Primer Ciclo del Nivel Medio del Liceo Villa Fundaci&#xF3;n en la ciudad de San Crist&#xF3;bal. La metodolog&#xED;a utilizada fue de corte descriptivo y de campo,&#xA0; se fundament&#xF3; en el m&#xE9;todo deductivo, se trabaj&#xF3; con una poblaci&#xF3;n&#xA0; estudiantil&#xA0;y&#xA0; docente,&#xA0; con una muestra de 68 estudiantes y tres profesoras.&#xA0; Como instrumento se emple&#xF3; la entrevista y observaci&#xF3;n.Entre los principales resultados del estudio se destaca que el 51.35% de los alumnos dedica una hora diaria a la pr&#xE1;ctica de lectura, mientras que el 27.94% se&#xF1;al&#xF3; 2 horas, el 20.58% dijo que no dedica tiempo para esta actividad.&#xA0; Se pone enevidencia que existe un nivel muy bajo de actitud positiva hacia la actividad lectora.&#xA0; El estudio concluy&#xF3; &#xA0;que, en cuanto a la competencia de los alumnos al examinar sus niveles de capacidad lectora tomando en cuenta los distintos aspectos estructurales del texto y los niveles de comprensi&#xF3;n lectora, se aprecian buenos niveles de competencia en lo concerniente a la ejecuci&#xF3;n lectora y en la comprensi&#xF3;n literal; sin embargo, en lo concerniente a los niveles decomprensi&#xF3;n inferencial y cr&#xED;tica, su competencia resulta ser muy deficiente.La investigaci&#xF3;n&#xA0; recomienda que se implementen programas constantes de capacitaci&#xF3;n y actualizaci&#xF3;n del personal docente &#xA0;de Lengua Espa&#xF1;ola en el uso&#xA0; y manejo de estrategias para la actividad lectora.&#xA0; Que se implemente una campa&#xF1;a de motivaci&#xF3;n y concientizaci&#xF3;n entre los docentes de las asignaturas del curriculum, en torno al valor que tiene la actividad lectora en los procesos de aprendizajes de sus respectivas asignaturas.&#xA0;&#xA0;</subfield>
  </datafield>
  <datafield tag="921" ind1=" " ind2=" ">
    <subfield code="a">16</subfield>
  </datafield>
  <datafield tag="922" ind1=" " ind2=" ">
    <subfield code="a">16</subfield>
  </datafield>
  <datafield tag="923" ind1=" " ind2=" ">
    <subfield code="a">0</subfield>
  </datafield>
  <datafield tag="924" ind1=" " ind2=" ">
    <subfield code="a">NO APLICA</subfield>
  </datafield>
  <datafield tag="942" ind1=" " ind2=" ">
    <subfield code="c">Tesis</subfield>
  </datafield>
  <datafield tag="999" ind1=" " ind2=" ">
    <subfield code="c">112</subfield>
    <subfield code="d">112</subfield>
  </datafield>
</record>
